Islami adab-e-zindgi (Record no. 583863)

000 -LEADER
fixed length control field 00432nam a22001697a 4500
003 - CONTROL NUMBER IDENTIFIER
control field CEME
005 - DATE AND TIME OF LATEST TRANSACTION
control field 20210628210249.0
008 - FIXED-LENGTH DATA ELEMENTS--GENERAL INFORMATION
fixed length control field 210201b xxu||||| |||| 00| 0 eng d
040 ## - CATALOGING SOURCE
Transcribing agency .
082 ## - DEWEY DECIMAL CLASSIFICATION NUMBER
Classification number 297.7 SID
100 ## - MAIN ENTRY--PERSONAL NAME
Personal name Siddiqui, Muhammad Mansoor Uz Zaman
9 (RLIN) 78785
245 ## - TITLE STATEMENT
Title Islami adab-e-zindgi
260 ## - PUBLICATION, DISTRIBUTION, ETC.
Place of publication, distribution, etc. LAHORE
Name of publisher, distributor, etc. ISLAMIC PUBLICATIONS
Date of publication, distribution, etc. 2004
300 ## - PHYSICAL DESCRIPTION
Extent 938P
650 ## - SUBJECT ADDED ENTRY--TOPICAL TERM
Topical term or geographic name entry element ISLAMIC TEACHING
9 (RLIN) 63270
942 ## - ADDED ENTRY ELEMENTS (KOHA)
Koha item type Book
Source of classification or shelving scheme
Holdings
Withdrawn status Lost status Damaged status Not for loan Permanent Location Current Location Shelving location Date acquired Total Checkouts Full call number Barcode Date last seen Price effective from Koha item type
        College of Electrical & Mechanical Engineering (CEME) College of Electrical & Mechanical Engineering (CEME) General Stacks 03/03/2017   297.7 SID CEME-39834 06/28/2021 06/28/2021 Book
© 2023 Central Library, National University of Sciences and Technology. All Rights Reserved.